000 01262naa a22003497a 4500
001 BR8602858
003 BR-BrBNA
005 20240918175723.0
007 ta
008 230509b bl.||||| |||| 00| 0 por d
040 _aBR-BrBNA
_bpor
_cBiblioteca Nacional de Agricultura
041 _a(Pt)
072 _aF30; F01
_b0240
090 _aF30 BR8602858
100 1 _aPorto, M.P.
100 1 _aPimentel, P.P.
100 1 _aSobral, L.S.
111 1 _a14. Reuniao Tecnica Anual do Sorgo
_cPorto Alegre, RS (Brazil)
_d20-23 Aug 1985
245 1 _aDesenvolvimento de cultivares de sorgo sacarino
246 1 _a[Development of saccharine sorghum cultivars]
246 1 _a[Annals of the 14. Technical Yearly Meeting of Sorghum]
260 3 _aPorto Alegre, RS (Brasil):
_c1985.
500 _aAnais da 14. Reuniao Tecnica Anual do Sorgo Porto Alegre, RS (Brasil): 1985. p. 46-52 (BR8602858-AM)F30
650 _aSORGO ACUCAREIRO
650 _aMELHORAMENTO GENETICO VEGETAL
650 _aPRATICA CULTURAL
650 _aSELECAO GENETICA
650 _aRIO GRANDE DO SUL
773 0 _tAnais da 14. Reuniao Tecnica Anual do Sorgo
_wF30 BR8602858
_gPorto Alegre, RS (Brasil), 1985. p. 46-52
909 _a202404
_bLucia
_c55
_dLucia Elande
942 _cAM
_2AGRIS
999 _c317887
_d317887